แสดงรายละเอียดบรรณานุกรม
  กลับหน้าหลัก

Brief Record : Get Marc (ISO 2709) : E-mail record : QR code ปิดหน้าต่าง
หนังสืออ้างอิง : เกี่ยวกับ Collections
LEADER 00000nam 2200000uu 4500
008    110317s||||||||th 000 0 tha d
020    ^a0-8299-0062-4
041 0  ^aeng.
060  0 Ref W15 S817m 1976
100 0  ^aStegeman,Wilson.
245 00 ^aMedical Terms Simplified/^bWilson Stegeman.
260    ^aAmerica
650  0 ^aMedicine^x--Terminology.
999    ^aใช้งานได้ทุกระบบ
รายการนี้ยังไม่มีแท็ก
คุณยังไม่ได้ล็อกอิน คุณสามารถมีกิจกรรมร่วมกับเว็บไซต์ได้ แต่ต้องล็อกอินก่อน ::
  ล็อกอิน
ลำดับที่ ประเภท เลขเรียก สถานที่ สถานะ
1. หนังสืออ้างอิง
หนังสืออ้างอิง
Ref W15 S817m 1976  
  
หนังสือภาษาอังกฤษ On Shelf
  ขอยืม
   [แสดง 1/1 รายการ]

BibComment


ยังไม่เคยถูกคอมเมนท์

คอมเมนท์ทรัพยากรรายการนี้
  คอมเมนท์: Medical Terms Si..
Bib 205898

 
 
 

 Union Library Management : ULibM
Copyright 2026. All Rights Reserved.
скачать бесплатно без регистрации порно красивый секс HD Sex Hindi sex

xxx gou

xxxx

bfxxx

xxxwww

Секса Видео

xxxx

Секса Видео

detube

geilexxx

C99 Shell

worms shell

blod xxx video
Ebony Coed Rihanna Rimes Takes A Dick In Her Young Twat priyaa indian fuck anal and pusssy hardcore indian women xxx desi hardcore fucking part 1 bengalixxxcouple